以河流交汇处卫星图认中国城市 Chinese cities by river confluence satellite images - Statistics

General Stats
  • This quiz has been taken 28 times
    27 since last reset
  • The average score is 7 of 20
Answer Stats
Picture Answer % Correct
武汉
88%
重庆/渝中
88%
临沂
69%
泸州
54%
赣州
46%
宜宾
46%
成都/都江堰
42%
台北/新北
42%
宜昌
38%
重庆/涪陵
38%
乐山
27%
天津
27%
韶关
23%
重庆/合川
23%
惠州
23%
西安
19%
梧州
19%
绵阳
12%
蚌埠/怀远
12%
贵港/桂平
8%
No matching quizzes found
Score Distribution
Percent of People with Each Score
Percentile by Number Answered
Your Score History
You have not taken this quiz since the last reset